000 00803nam a22002177a 4500
005 20240530110628.0
008 170110s2014 ua a g 000 0 ara d
017 _a2014/15175
_bمصر. دار الكتب
020 _a9789773223366
040 _aEG-CaGPL
_cEG-CaGPL
082 0 4 _221
_a814.008035\
_bس إ
100 0 _aسليمان الشطى .
245 1 0 _aاضاءة و تنوير /
_cسليمان الشطى .
250 _aط.1
260 _aالقاهرة :
_bعين للدراسات و البحوث الانسانية و الاجتماعية ،
_c2014 .
300 _a188 ص ؛
_c244 سم .
650 0 7 _2qrmak
_aالمقالات العربية .
650 0 7 _2qrmak
_aالادب العربى
_xتاريخ و نقد .
942 _2ddc
_cBK
999 _c63192
_d63192